| 000 | 00509nam a2200169Ia 4500 | ||
|---|---|---|---|
| 999 |
_c5682 _d5682 |
||
| 003 | OSt | ||
| 005 | 20200120155224.0 | ||
| 008 | 190216s9999||||xx |||||||||||||| ||und|| | ||
| 040 | _coclc | ||
| 082 |
_a658.45 _bLES/B |
||
| 100 |
_aLesikar, Raymond V _91328 |
||
| 245 | 0 |
_aBusiness Communication / _cRaymond V Lesikar ; John D Pettit |
|
| 250 | _a6th ed. | ||
| 260 |
_bAll India Traveller Book Seller, _c1996. _aDelhi: |
||
| 300 | _a754p | ||
| 942 |
_cBK _2ddc _h658.45 _iLES/B _k658.45 _mLES/B |
||